Solar Photovoltaic Technology And Systems (Record no. 540516)

000 -LEADER
fixed length control field 00340nam a22001337a 4500
020 ## - INTERNATIONAL STANDARD BOOK NUMBER
International Standard Book Number 9788120347113
040 ## - CATALOGING SOURCE
Transcribing agency NUST
082 ## - DEWEY DECIMAL CLASSIFICATION NUMBER
Classification number 621.042
Author Mark SOL
100 ## - MAIN ENTRY--PERSONAL NAME
Personal name Solanki, Chetan Singh
9 (RLIN) 18936
245 ## - TITLE STATEMENT
Title Solar Photovoltaic Technology And Systems
260 ## - PUBLICATION, DISTRIBUTION, ETC.
Place of publication, distribution, etc. Delhi. :
Name of publisher, distributor, etc. PHI,
Date of publication, distribution, etc. 2013.
300 ## - PHYSICAL DESCRIPTION
Extent xiii, 306p. ;
Dimensions 27 cm.
942 ## - ADDED ENTRY ELEMENTS (KOHA)
Source of classification or shelving scheme
Koha item type Book
Holdings
Withdrawn status Lost status Source of classification or shelving scheme Damaged status Not for loan Permanent Location Current Location Shelving location Date acquired Total Checkouts Full call number Barcode Date last seen Price effective from Koha item type
          School of Mechanical & Manufacturing Engineering (SMME) School of Mechanical & Manufacturing Engineering (SMME) General Stacks 10/27/2020   621.042 SOL SMME-3565 12/09/2021 10/27/2020 Book
© 2023 Central Library, National University of Sciences and Technology. All Rights Reserved.